000 00951nam a2200229Ia 4500
003 Ost
005 20260507075551.0
008 260507s9999||||xx |||||||||||||| ||und||
020 _a9961009711
040 _cfsecg
041 _aara
082 _a342.061
100 _aحجري، فؤاد
_eمؤلف
245 0 _aالقانون العام للوظيف العمومي /
_c فؤاد حجري
260 _aالجزائر :
_bديوان المطبوعات الجامعية,
_c2006
300 _a605 صفحة؛
_bإيضاحات ؛
_c24 سم
490 _aسلسلة القوانين الإدارية
520 _aيعتبر هذا الكتاب جزء من سلسلة القوانين الإدارية يتناول مجموعة من القوانين والتشريعات الخاصة بالوظيف العمومي
653 _aالقانون الإداري
653 _aالوظائف- قوانين وتشريعات
942 _cكتاب
999 _c44917
_d44917